Discografía Extremoduro: álbumes - Estadísticas

Estadísticas generales
  • Esta prueba ha sido intentada 196 veces
  • La puntuación promedio es 9 de 14
Estadísticas de respuestas
Año de lanzamiento nombre album % Correcto
2008 La ley innata
92%
1989 Rock transgresivo
92%
1996 Ágila
84%
2002 Yo, minoría absoluta
82%
1997 Iros todos a tomar por culo
75%
1991 Somos unos animales
72%
2011 Material defectuoso
69%
1998 Canciones prohibidas
68%
1992 Deltoya
68%
2013 Para todos los públicos
67%
1993 ¿Dónde están mis amigos?
62%
1995 Pedrá
57%
2004 Grandes éxitos y fracasos episodio primero
25%
2004 Grandes éxitos y fracasos episodio segundo
24%
No se encontraron pruebas coincidentes
Distribución de puntuación
Porcentaje de gente con cada puntuación
Porcentaje por número respondido
Historial de tus puntuaciones
No has intentado esta prueba.